Základy fyziky pevných látek

Salvato in:
Dettagli Bibliografici
Autore principale: Frank, Helmar (Autore)
Natura: Libro
Lingua:ceco
Pubblicazione: Praha : České vysoké učení technické v Praze, 1984
Edizione:1. vyd.
Tags: Aggiungi Tag
Nessun Tag, puoi essere il primo ad aggiungerne!!

MARC

LEADER 00000nam a22000003a 4500
001 stu25834
005 20150617225743.7
008 980529s1984------------------------cze-d
040 |a STU  |b slo 
041 0 |a cze 
100 1 |a Frank, Helmar  |4 aut 
245 1 |a Základy fyziky pevných látek 
250 |a 1. vyd. 
260 |a Praha :  |b České vysoké učení technické v Praze,  |c 1984 
300 |a 230 s 
996 |b 284ES13998  |c E*S-22030  |l EE01  |s A  |a 24  |w stu25834_0001 
996 |b 284ES13997  |c E*S-22031  |l EE01  |s A  |a 24  |w stu25834_0002